[Event "European Cities & Towns Chess Championship - Open/Seniors"]
[Site "Central Europe"]
[Date "2023.01.29"]
[Round "5.4.4"]
[White "Fragiadakis, Emanouel"]
[Black "Geronimi, Pierre-Francois"]
[Result "0-1"]
[WhiteElo "1714"]
[BlackElo "2027"]
[BlackCountry "FR"]
[BlackFideId "655686"]
[BlackTeam "Corsica "]
[WhiteCountry "GR"]
[WhiteFideId "4204026"]
[WhiteTeam "Heraklion"]

1. d4 g6 2. Bf4 d6 3. Nc3 Bg7 4. e4 a6 5. Qd2 b6 6. O-O-O Bb7 7. f3 Nd7 8.
 h4 c5 9. dxc5 bxc5 10. Bc4 Rb8 11. Nge2 Ne5 12. Bd5 Bxd5 13. Qxd5 Nf6 14.
 Qxe5 dxe5 15. Rxd8+ Rxd8 16. Bxe5 O-O 17. g4 Nd7 18. Bc7 Rc8 19. Nd5 Rfe8
20. Bg3 e6 21. Nc7 Red8 22. h5 Be5 23. Nxa6 Bxg3 24. Nxg3 Rc6 25. hxg6 
hxg6 26. Nxc5 Nxc5 27. c3 Rb6 28. Kc2 Kf8 29. b4 Nd7 30. Rd1 Ke7 31. e5 
Rc8 32. Ne4 Nxe5 33. f4 Nxg4 34. Nc5 Ne3+ 35. Kc1 Nxd1 36. Kxd1 Kd6 0-1

[Event "European Cities & Towns Chess Championship - Open/Seniors"]
[Site "Central Europe"]
[Date "2023.01.29"]
[Round "5.5.1"]
[White "Jansa, Vlastimil"]
[Black "Tomic, Aleksandar"]
[Result "1-0"]
[WhiteElo "2398"]
[BlackElo "2417"]
[BlackCountry "ME"]
[BlackFideId "16501799"]
[BlackTeam "Niksic"]
[BlackTitle "FM"]
[Termination "time forfeit"]
[WhiteCountry "CZ"]
[WhiteFideId "300128"]
[WhiteTeam "Prague - Seniors"]
[WhiteTitle "GM"]

1. e4 c5 2. Nf3 Nc6 3. Bb5 g6 4. O-O Bg7 5. c3 e5 6. d4 cxd4 7. cxd4 exd4 
8. Bf4 Nge7 9. Bd6 Qb6 10. Ba4 Na5 11. e5 Nc4 12. Bxe7 Kxe7 13. Bb3 Na5 
14. Nbd2 Re8 15. Ne4 Kf8 16. Nd6 Re7 17. Re1 h6 18. Qd2 Nc6 19. Qf4 Nxe5 
20. Nc4 Nxc4 21. Bxc4 Qf6 22. Qc7 d5 23. Qd8+ 1-0

[Event "European Cities & Towns Chess Championship - Open/Seniors"]
[Site "Central Europe"]
[Date "2023.01.29"]
[Round "5.5.2"]
[White "Krivokapic, Marko"]
[Black "Sorm, Daniel"]
[Result "1-0"]
[WhiteElo "2386"]
[BlackElo "2302"]
[BlackCountry "CZ"]
[BlackFideId "5400139"]
[BlackTeam "Prague - Seniors"]
[BlackTitle "FM"]
[Termination "time forfeit"]
[WhiteCountry "ME"]
[WhiteFideId "931314"]
[WhiteTeam "Niksic"]
[WhiteTitle "IM"]

1. e4 c5 2. Nf3 d6 3. d4 cxd4 4. Nxd4 Nf6 5. Nc3 Nc6 6. Be2 e5 7. Nb3 Be7 
8. O-O O-O 9. f4 a5 10. a4 Nb4 11. Bf3 Be6 12. Kh1 Bc4 13. Re1 Qc7 14. Nd2
Ba6 15. Nf1 Bxf1 16. Rxf1 Rfd8 17. Be3 exf4 18. Bxf4 Nd7 19. Nd5 Nxd5 20. 
Qxd5 Ne5 21. Bh5 Bf6 22. c3 g6 23. Bd1 Qc4 24. Bb3 Qxd5 25. Bxd5 Rd7 26. 
Ra3 Nd3 27. Be3 Kg7 28. Rb3 Nc5 29. Bxc5 dxc5 30. Rb5 Rc7 31. Bxb7 Ra7 32.
 Bd5 Be5 33. g3 h5 34. Kg2 f6 35. Rf2 g5 36. Rd2 h4 37. Bc4 Rd7 38. Bd5 
Rdc7 39. gxh4 gxh4 40. Kh3 Kh6 41. Rg2 Rg7 42. Rxg7 Rxg7 43. Rxc5 Rg1 44. 
Kxh4 Rg2 45. b4 Rxh2+ 46. Kg4 Rc2 47. Kf5 Ra2 48. Rxa5 1-0

[Event "European Cities & Towns Chess Championship - Open/Seniors"]
[Site "Central Europe"]
[Date "2023.01.29"]
[Round "5.5.3"]
[White "Trickov, Vasil"]
[Black "Kisic, Bozidar"]
[Result "1/2-1/2"]
[WhiteElo "2329"]
[BlackElo "2303"]
[BlackCountry "ME"]
[BlackFideId "16500350"]
[BlackTeam "Niksic"]
[BlackTitle "FM"]
[WhiteCountry "CZ"]
[WhiteFideId "311103"]
[WhiteTeam "Prague - Seniors"]
[WhiteTitle "IM"]

1. d4 Nf6 2. Nf3 g6 3. g3 c5 4. Bg2 Bg7 5. O-O cxd4 6. Nxd4 Nc6 7. c4 O-O 
8. Nc3 Nxd4 9. Qxd4 d6 10. Qd2 Kh8 11. b3 Qa5 12. Bb2 Rb8 13. Rfd1 Qh5 14.
 Nd5 Nxd5 15. Bxg7+ Kxg7 16. Bxd5 Qe5 17. f4 Qf6 18. Bf3 h5 19. Qa5 a6 20.
 Qb6 Bg4 21. Kf2 Bxf3 22. Kxf3 Rfd8 23. e4 e5 24. Rac1 exf4 25. gxf4 Qh4 
26. Qg1 Rd7 27. Rd5 Re8 28. Rcd1 Rde7 29. R1d4 Qh3+ 30. Qg3 Qf1+ 31. Qf2 
Qb1 32. Qe2 Qh1+ 33. Qg2 Qxg2+ 34. Kxg2 Rxe4 35. Rxe4 Rxe4 36. Rxd6 Re2+ 
37. Kg3 Re7 38. Kf3 Kf8 39. Rd8+ Kg7 40. Rd6 Kf8 41. Rd8+ Kg7 42. Rd6 
1/2-1/2

[Event "European Cities & Towns Chess Championship - Open/Seniors"]
[Site "Central Europe"]
[Date "2023.01.29"]
[Round "5.5.4"]
[White "Saric, Igor"]
[Black "Pribyl, Josef"]
[Result "1-0"]
[WhiteElo "2282"]
[BlackElo "2217"]
[BlackCountry "CZ"]
[BlackFideId "300187"]
[BlackTeam "Prague - Seniors"]
[BlackTitle "IM"]
[Termination "time forfeit"]
[WhiteCountry "ME"]
[WhiteFideId "909319"]
[WhiteTeam "Niksic"]
[WhiteTitle "FM"]

1. e4 d6 2. d4 Nf6 3. Nc3 c6 4. f3 Nbd7 5. Be3 e5 6. Nge2 b5 7. Qd2 a6 8. 
g4 Be7 9. Ng3 g6 10. O-O-O h5 11. g5 Nh7 12. h4 f6 13. gxf6 Bxf6 14. f4 
Bxh4 15. Nge2 Bf6 16. dxe5 dxe5 17. Qd6 Bb7 18. Bh3 Ndf8 19. fxe5 Be7 20. 
Qxd8+ Rxd8 21. Nf4 Rxd1+ 22. Rxd1 Ng5 23. Bg2 Bc8 24. Bh1 Bg4 25. Rg1 Nge6
26. Nd3 Nd7 27. a3 O-O 28. Nd1 Kh7 29. N1f2 Bf3 30. Bxf3 Rxf3 31. Kd2 Ndc5
32. Ke2 Rf8 33. b4 Na4 34. Kd2 c5 35. Nh3 c4 36. Ndf4 Nxf4 37. Nxf4 Rd8+ 
38. Nd5 Bh4 39. Ke2 Kg7 40. Rh1 Bg3 41. e6 Be5 42. Bg5 Re8 43. e7 Nc3+ 44.
 Nxc3 Bxc3 45. Rf1 Be5 46. Rf8 Rxf8 47. Bh6+ Kxh6 48. exf8=Q+ 1-0

[Event "European Cities & Towns Chess Championship - Open/Seniors"]
[Site "Central Europe"]
[Date "2023.01.29"]
[Round "5.6.1"]
[White "Samunenkov, Ihor"]
[Black "Guerrero Vargas, Andres Jesus"]
[Result "0-1"]
[WhiteElo "2485"]
[BlackElo "2336"]
[BlackCountry "VE"]
[BlackFideId "3902048"]
[BlackTeam "Collado Villalba - Madrid"]
[BlackTitle "FM"]
[WhiteCountry "UA"]
[WhiteFideId "14187086"]
[WhiteTeam "Kyiv region"]
[WhiteTitle "IM"]

1. d4 Nf6 2. c4 e5 3. dxe5 Ng4 4. e4 Nxe5 5. f4 Nec6 6. Be3 Bb4+ 7. Nc3 
Qh4+ 8. g3 Qe7 9. Bg2 Bxc3+ 10. bxc3 d6 11. Ne2 O-O 12. O-O Na5 13. Qa4 b6
14. f5 Qe8 15. Qc2 Nxc4 16. Bd4 f6 17. e5 dxe5 18. Bxa8 c6 19. Bf2 Kh8 20.
 g4 Ba6 21. Rfd1 e4 22. Nf4 e3 23. Bg3 Ne5 24. Ne6 Nbd7 25. Bxe5 Nxe5 26. 
Rd8 Qxd8 27. Nxd8 Rxd8 28. Rd1 Rxa8 29. Qe4 h5 30. Qxe3 hxg4 31. Kg2 c5 
32. Kg3 Kh7 33. Qe2 Bxe2 0-1

[Event "European Cities & Towns Chess Championship - Open/Seniors"]
[Site "Central Europe"]
[Date "2023.01.29"]
[Round "5.6.2"]
[White "Sanchez Gonzalez, Sergio"]
[Black "Grebeniuk, Semen"]
[Result "0-1"]
[WhiteElo "2288"]
[BlackElo "2315"]
[BlackCountry "UA"]
[BlackFideId "14117509"]
[BlackTeam "Kyiv region"]
[WhiteCountry "ES"]
[WhiteFideId "2273020"]
[WhiteTeam "Collado Villalba - Madrid"]
[WhiteTitle "FM"]

1. Nf3 f5 2. d3 d6 3. e4 Nc6 4. Nc3 Nf6 5. Bg5 e5 6. d4 Be7 7. exf5 Bxf5 
8. Bb5 e4 9. Nd2 O-O 10. Bxc6 bxc6 11. O-O d5 12. f3 exf3 13. Nxf3 Ne4 14.
 Bxe7 Qxe7 15. Ne5 Nxc3 16. bxc3 c5 17. Qe2 Be4 18. Rxf8+ Rxf8 19. Rf1 
cxd4 20. cxd4 Rxf1+ 21. Qxf1 h6 22. c3 Kh7 23. Qc1 c5 24. h3 cxd4 25. cxd4
Qb4 26. Nc6 Qa4 27. a3 a6 28. Kh2 Qb3 29. Ne5 Qa2 30. Qf1 Qxa3 31. Ng4 Qb2
32. Nf2 Qxd4 33. Nxe4 Qxe4 34. Qxa6 d4 35. Kg1 d3 36. Kf2 Qf4+ 37. Kg1 
Qe3+ 38. Kh2 d2 39. Qd6 Qe2 0-1

[Event "European Cities & Towns Chess Championship - Open/Seniors"]
[Site "Central Europe"]
[Date "2023.01.29"]
[Round "5.6.3"]
[White "Paryokha, Serhiy"]
[Black "Perdomo Araujo, Angel Eduardo"]
[Result "1-0"]
[WhiteElo "2294"]
[BlackElo "2071"]
[BlackCountry "VE"]
[BlackFideId "3902528"]
[BlackTeam "Collado Villalba - Madrid"]
[WhiteCountry "UA"]
[WhiteFideId "14198177"]
[WhiteTeam "Kyiv region"]

1. d4 Nf6 2. Nf3 g6 3. Bg5 Bg7 4. c3 d5 5. Nbd2 O-O 6. e3 Nbd7 7. Bd3 c5 
8. O-O b6 9. a4 h6 10. Bh4 g5 11. Bg3 Nh5 12. a5 Nxg3 13. hxg3 Bb7 14. Re1
e5 15. dxe5 Nxe5 16. Nxe5 Bxe5 17. Bf5 Qf6 18. g4 d4 19. cxd4 cxd4 20. e4 
Bc8 21. Qb3 Bxf5 22. exf5 bxa5 23. Rxa5 Bc7 24. Ra4 Qd6 25. g3 Bb6 26. Qd3
Rfe8 27. Raa1 Qb4 28. Ne4 Rxe4 29. Rxe4 Qxb2 30. Rae1 Qc3 31. Re8+ Rxe8 
32. Rxe8+ Kh7 33. Qe4 1-0

[Event "European Cities & Towns Chess Championship - Open/Seniors"]
[Site "Central Europe"]
[Date "2023.01.29"]
[Round "5.6.4"]
[White "Alvarez Guerrero, Dylan"]
[Black "Kirichenko, Vitaly"]
[Result "0-1"]
[WhiteElo "1162"]
[BlackElo "2262"]
[BlackCountry "UA"]
[BlackFideId "14103079"]
[BlackTeam "Kyiv region"]
[WhiteCountry "ES"]
[WhiteFideId "94728089"]
[WhiteTeam "Collado Villalba - Madrid"]

1. d4 d5 2. Nf3 c5 3. c3 Nc6 4. Bf4 Qb6 5. Qc2 cxd4 6. cxd4 Bf5 7. Qd2 Nf6
8. b3 e5 9. dxe5 Ne4 10. Qe3 Bc5 11. Qd3 Nb4 12. Qxd5 Nxd5 13. e3 Nxf4 14.
 Bc4 Nxg2+ 15. Kf1 Bh3 16. Nc3 Nxe3+ 17. Ke2 Nxc3+ 0-1

[Event "European Cities & Towns Chess Championship - Open/Seniors"]
[Site "Central Europe"]
[Date "2023.01.29"]
[Round "5.7.1"]
[White "Ribbegren, Karl Johan"]
[Black "Yasin, Hur"]
[Result "1-0"]
[WhiteElo "2158"]
[BlackElo "1872"]
[BlackCountry "TR"]
[BlackFideId "6300170"]
[BlackTeam "Istanbul - Seniors"]
[BlackTitle "CM"]
[Termination "time forfeit"]
[WhiteCountry "MC"]
[WhiteFideId "5400040"]
[WhiteTeam "Monte-Carlo"]

1. d4 Nf6 2. Nf3 g6 3. Bg5 Bg7 4. Nbd2 d5 5. e3 O-O 6. Bd3 Nbd7 7. O-O c5 
8. c4 cxd4 9. exd4 h6 10. Bh4 dxc4 11. Nxc4 Nd5 12. Re1 N7f6 13. Qb3 Nf4 
14. Bf1 Be6 15. Rad1 Bd5 16. Nfe5 g5 17. Bg3 N6h5 18. Qb4 Nxg3 19. hxg3 
Ne6 20. Ne3 a5 21. Qb5 Bxa2 22. Nf5 Bd5 23. Ng4 h5 24. Nxg7 Kxg7 25. Ne3 
Nc7 26. Qd3 e6 27. Nxd5 Nxd5 28. Re5 Re8 29. Rde1 Nc7 30. Qf3 f6 31. Rc5 
Nd5 32. Qxh5 Qd6 33. Bd3 Ne7 34. Qh7+ Kf8 35. Bc4 1-0

[Event "European Cities & Towns Chess Championship - Open/Seniors"]
[Site "Central Europe"]
[Date "2023.01.29"]
[Round "5.7.2"]
[White "Guner, Bulent"]
[Black "Nelis, Jean-Francois"]
[Result "1/2-1/2"]
[WhiteElo "1974"]
[BlackElo "2112"]
[BlackCountry "MC"]
[BlackFideId "623830"]
[BlackTeam "Monte-Carlo"]
[WhiteCountry "TR"]
[WhiteFideId "6300553"]
[WhiteTeam "Istanbul - Seniors"]

1. d4 e6 2. c4 Bb4+ 3. Bd2 a5 4. Nf3 d6 5. g3 Nc6 6. Bg2 e5 7. a3 Bxd2+ 8.
 Qxd2 Bg4 9. dxe5 dxe5 10. Qe3 Qe7 11. Nc3 Bxf3 12. Bxf3 Nf6 13. O-O O-O 
14. Rfd1 Rfe8 15. Rab1 e4 16. Bg2 Ne5 17. Nxe4 Nxc4 18. Nxf6+ Qxf6 19. Qd4
Qxd4 20. Rxd4 Nd6 21. e3 Ra6 22. Rc1 Re7 23. Rc5 g6 24. h4 Kg7 25. Bf3 Rb6
26. b4 axb4 27. axb4 h5 28. Be2 Re4 29. Rxe4 Nxe4 30. Rc4 Nd6 31. Rxc7 
Rxb4 32. Rd7 Nf5 33. Bf3 b6 34. Bd5 Nh6 35. Rb7 Rb2 36. e4 Kf6 37. Kg2 b5 
38. Rb6+ Kg7 39. Rb7 Kf6 40. Kg1 Rb1+ 41. Kg2 Rb2 1/2-1/2

[Event "European Cities & Towns Chess Championship - Open/Seniors"]
[Site "Central Europe"]
[Date "2023.01.29"]
[Round "5.7.3"]
[White "Van Hoolandt, Patrick"]
[Black "Sezgun, Yakup"]
[Result "0-1"]
[WhiteElo "2017"]
[BlackElo "1739"]
[BlackCountry "TR"]
[BlackFideId "6338496"]
[BlackTeam "Istanbul - Seniors"]
[WhiteCountry "MC"]
[WhiteFideId "200999"]
[WhiteTeam "Monte-Carlo"]
[WhiteTitle "FM"]

1. d4 Nf6 2. c4 g6 3. Nc3 d5 4. cxd5 Nxd5 5. Bd2 c5 6. dxc5 Bg7 7. Qb3 
Nxc3 8. Bxc3 O-O 9. Bxg7 Kxg7 10. Nf3 Qa5+ 11. Nd2 Qxc5 12. Rc1 Qxc1+ 13. 
Qd1 Qxd1+ 14. Kxd1 Nc6 15. e3 Be6 16. a3 Rfd8 17. Kc2 Rac8 18. Kd1 Na5 19.
 Ke2 Rc2 20. Kf3 Rdxd2 21. Kg3 Rc1 22. h4 Rdd1 23. h5 Rxf1 24. h6+ Kf6 25.
 Rh4 Bd5 26. Rd4 e6 27. e4 Nc6 28. Ra4 b5 29. e5+ Kxe5 30. Rf4 f5 31. Rh4 
Rh1 32. Rf4 Rxh6 33. a4 bxa4 34. Rxa4 Rg1 35. f3 a5 36. Ra3 Rb1 37. Re3+ 
Kd6 38. Re2 Rhh1 39. Kf4 Nb4 40. Kg5 Rhc1 41. Kh6 Rc2 42. Re3 Rbxb2 43. 
Kxh7 Rxg2 44. Kg7 a4 45. Kf6 Rb3 46. Re1 a3 47. f4 a2 48. Ra1 Rb1 49. Rxa2
Rxa2 50. Kxg6 Ke7 51. Kg5 Rg2+ 52. Kh4 Rh1# 0-1

[Event "European Cities & Towns Chess Championship - Open/Seniors"]
[Site "Central Europe"]
[Date "2023.01.29"]
[Round "5.7.4"]
[White "Ozveren, Ali Bulent"]
[Black "Verdier, Patrice"]
[Result "1/2-1/2"]
[WhiteElo "1718"]
[BlackElo "1996"]
[BlackCountry "MC"]
[BlackFideId "606340"]
[BlackTeam "Monte-Carlo"]
[BlackTitle "FM"]
[WhiteCountry "TR"]
[WhiteFideId "6303188"]
[WhiteTeam "Istanbul - Seniors"]

1. Nf3 Nf6 2. g3 d5 3. Bg2 c6 4. O-O Bf5 5. c4 h6 6. cxd5 cxd5 7. d4 Nc6 
8. Qb3 Qc8 9. Bf4 e6 10. Rc1 Be7 11. Ne5 O-O 12. Qa4 g5 13. Nxc6 bxc6 14. 
Be5 Qb7 15. Nc3 Rfc8 16. Bxf6 Bxf6 17. e4 Bg6 18. e5 Be7 19. b3 c5 20. Ne2
Bd3 21. Bf1 Bb5 22. Qa5 Bxe2 23. Bxe2 cxd4 24. Qd2 Bc5 25. h4 Qe7 26. hxg5
Qxg5 27. Qxg5+ hxg5 28. Ba6 Rc7 29. b4 Bb6 30. Rxc7 Bxc7 31. f4 gxf4 32. 
gxf4 Bb6 33. Rc1 Kg7 34. Kg2 Rh8 35. a4 f6 36. a5 Bd8 37. Rc6 fxe5 38. 
fxe5 Rh5 39. Rxe6 Kf7 40. Rd6 Be7 41. Rxd5 Bxb4 42. e6+ Kg6 43. Rxh5 Kxh5 
44. Kf3 Kg6 45. Ke4 Kf6 1/2-1/2

[Event "European Cities & Towns Chess Championship - Open/Seniors"]
[Site "Central Europe"]
[Date "2023.01.29"]
[Round "5.8.1"]
[White "Manolache, Marius"]
[Black "Nastase, Robert-Paul"]
[Result "1-0"]
[WhiteElo "2454"]
[BlackElo "2229"]
[BlackCountry "RO"]
[BlackFideId "1221175"]
[BlackTeam "SNAGOV"]
[BlackTitle "FM"]
[WhiteCountry "RO"]
[WhiteFideId "1201530"]
[WhiteTeam "CSM Galati"]
[WhiteTitle "GM"]

1. d4 Nf6 2. Nf3 e6 3. Nbd2 d5 4. e3 b6 5. Be2 Be7 6. b3 O-O 7. Bb2 Bb7 8.
 O-O c5 9. dxc5 Bxc5 10. a3 a6 11. b4 Be7 12. c4 dxc4 13. Nxc4 Nbd7 14. 
Qd4 Rc8 15. Rac1 b5 16. Nd6 Rxc1 17. Rxc1 Bd5 18. Nc8 Qxc8 19. Rxc8 Rxc8 
20. Qd1 Nb6 21. h3 h6 22. Nd4 Na4 23. Ba1 Ne4 24. Bd3 Bf6 25. f3 Nd6 26. 
Ne2 Be7 27. e4 Bb7 28. Be5 Nc4 29. Bxc4 bxc4 30. Qxa4 1-0

[Event "European Cities & Towns Chess Championship - Open/Seniors"]
[Site "Central Europe"]
[Date "2023.01.29"]
[Round "5.8.2"]
[White "Dobronauteanu, Ion-Serban"]
[Black "Barbu, Simon-Alexandru"]
[Result "0-1"]
[WhiteElo "2189"]
[BlackElo "2023"]
[BlackCountry "RO"]
[BlackFideId "1257170"]
[BlackTeam "CSM Galati"]
[WhiteCountry "RO"]
[WhiteFideId "1204084"]
[WhiteTeam "SNAGOV"]

1. e4 c6 2. d4 d5 3. Nc3 dxe4 4. Nxe4 Nf6 5. Nxf6+ exf6 6. Bc4 Na6 7. Nf3 
Nc7 8. a4 Bd6 9. O-O O-O 10. c3 Bg4 11. b4 Qd7 12. Qd3 Rfe8 13. h3 Bf5 14.
 Qd2 Nd5 15. Bd3 Bxh3 16. c4 Qg4 17. Nh4 Nf4 18. g3 Nxd3 19. Qxd3 Bxf1 20.
 Kxf1 Qh3+ 21. Kg1 Re1+ 0-1

[Event "European Cities & Towns Chess Championship - Open/Seniors"]
[Site "Central Europe"]
[Date "2023.01.29"]
[Round "5.8.3"]
[White "Tudoroiu, Razvan-Catalin"]
[Black "Nastase, Andreea-Cristina"]
[Result "1/2-1/2"]
[WhiteElo "1923"]
[BlackElo "2046"]
[BlackCountry "RO"]
[BlackFideId "1221183"]
[BlackTeam "SNAGOV"]
[BlackTitle "WFM"]
[WhiteCountry "RO"]
[WhiteFideId "1281100"]
[WhiteTeam "CSM Galati"]

1. d4 d5 2. c4 c6 3. Nf3 Nf6 4. g3 g6 5. Bg2 Bg7 6. O-O O-O 7. b3 b6 8. 
Bb2 Bb7 9. Nbd2 Nbd7 10. h3 c5 11. Rc1 dxc4 12. Nxc4 cxd4 13. Nxd4 Bxg2 
14. Kxg2 Nc5 15. e3 Qc7 16. Rc2 Rad8 17. Qf3 Rfe8 18. Nc6 Rc8 19. N6e5 Qb8
20. Rfc1 Ncd7 21. Nc6 Qa8 22. N4e5 Kf8 23. Ba3 Nxe5 24. Nxe5 Qxf3+ 25. 
Kxf3 Ra8 26. Rc7 Nd5 27. Nd7+ Kg8 28. Rb7 Nc3 29. Rc2 Nb5 30. Bb2 Nd6 31. 
Rbc7 f6 32. e4 e5 33. a4 Re7 34. Ba3 Rd8 35. Bxd6 Rexd7 36. Be7 Rd3+ 37. 
Kg2 R8d7 38. Rxd7 Rxd7 39. Rc8+ Kf7 40. Bb4 f5 41. exf5 gxf5 42. Rc3 e4 
43. Rc2 Bf8 44. Bxf8 Kxf8 45. g4 Kf7 46. gxf5 Kf6 47. Rc6+ Kxf5 48. Kg3 
Rg7+ 49. Kh2 Kf4 50. Rf6+ Ke5 51. Rc6 Kd4 52. Re6 Kd3 53. b4 Kd4 54. a5 b5
55. a6 Kd5 56. Re8 h6 57. Rb8 Rg6 58. Rxb5+ Kd4 59. Ra5 Kd3 60. Rd5+ Ke2 
61. Re5 Kxf2 62. Rxe4 Rxa6 63. Rf4+ Ke3 64. Rf7 Rg6 65. h4 a6 66. Kh3 Kd3 
67. h5 Rc6 68. Kg4 Kc4 69. Rf4+ Kb5 70. Kf5 Rd6 71. Rg4 Rc6 72. Rf4 Rd6 
73. Rg4 Rc6 74. Rf4 1/2-1/2

[Event "European Cities & Towns Chess Championship - Open/Seniors"]
[Site "Central Europe"]
[Date "2023.01.29"]
[Round "5.8.4"]
[White "Rata, Anamaria"]
[Black "Jugaru, Lucian"]
[Result "0-1"]
[WhiteElo "1664"]
[BlackElo "1839"]
[BlackCountry "RO"]
[BlackFideId "1220497"]
[BlackTeam "CSM Galati"]
[Termination "time forfeit"]
[WhiteCountry "RO"]
[WhiteFideId "1245350"]
[WhiteTeam "SNAGOV"]

1. e4 c5 2. Nf3 e6 3. d4 cxd4 4. Nxd4 a6 5. c4 Qc7 6. Be2 Nf6 7. Nc3 Bb4 
8. Qc2 d5 9. Qa4+ Nc6 10. Nxc6 Bxc3+ 11. bxc3 Qxc6 12. Qxc6+ bxc6 13. cxd5
cxd5 14. exd5 Nxd5 15. Ba3 Nxc3 16. Bf3 Rb8 17. O-O f6 18. Rfc1 Nb5 19. 
Bc6+ Kf7 20. Bc5 Bb7 21. Bxb5 axb5 22. Rd1 Bd5 23. a4 bxa4 0-1

[Event "European Cities & Towns Chess Championship - Open/Seniors"]
[Site "Central Europe"]
[Date "2023.01.29"]
[Round "5.9.1"]
[White "Mavroudis, Dimitris"]
[Black "Kumar, Sanjit S"]
[Result "1-0"]
[WhiteElo "1973"]
[BlackElo "1968"]
[BlackCountry "GB"]
[BlackFideId "468142"]
[BlackTeam "London Juniors"]
[WhiteCountry "GR"]
[WhiteFideId "4222318"]
[WhiteTeam "Trikala "]

1. d4 d5 2. c4 c6 3. cxd5 cxd5 4. Nc3 Nf6 5. Nf3 Nc6 6. Bf4 a6 7. Rc1 e6 
8. e3 Bd6 9. Bg5 O-O 10. Bd3 h6 11. Bh4 Bd7 12. a3 Qe7 13. O-O Rfc8 14. b4
b5 15. Nd2 Rc7 16. Nb3 Rac8 17. Nc5 Bxc5 18. dxc5 Be8 19. Bb1 Rd7 20. Ne2 
e5 21. Bf5 Rcd8 22. Bxd7 Rxd7 23. Nc3 g5 24. Bg3 d4 25. exd4 Rxd4 26. Qe2 
Nd7 27. f3 f5 28. Bf2 Rc4 29. Nd5 Qd8 30. Rxc4 bxc4 31. Rd1 Bf7 32. Nb6 
Ncb8 33. Qd2 c3 34. Qxc3 Qc7 35. Nxd7 Nxd7 36. Qd3 Be6 37. Qxa6 Kf7 38. 
Qd6 Qc8 39. c6 Nf6 40. b5 1-0

[Event "European Cities & Towns Chess Championship - Open/Seniors"]
[Site "Central Europe"]
[Date "2023.01.29"]
[Round "5.9.2"]
[White "Patel, Zain"]
[Black "Gountras, Klearhos"]
[Result "1-0"]
[WhiteElo "1806"]
[BlackElo "1968"]
[BlackCountry "GR"]
[BlackFideId "4206495"]
[BlackTeam "Trikala "]
[Termination "time forfeit"]
[WhiteCountry "GB"]
[WhiteFideId "469246"]
[WhiteTeam "London Juniors"]

1. d4 d6 2. Nf3 Nf6 3. c4 Nbd7 4. Nc3 e5 5. e4 Be7 6. Be2 O-O 7. O-O c6 8.
 h3 Re8 9. Be3 Bf8 10. Qc2 Qc7 11. Rad1 a6 12. b4 exd4 13. Nxd4 c5 14. 
bxc5 dxc5 15. Nd5 Nxd5 16. cxd5 b5 17. Nc6 Bb7 18. Bf3 Bxc6 19. dxc6 Ne5 
20. Rd5 Nxc6 21. a3 c4 22. Qc3 Ne5 23. Be2 Ng6 24. f3 Nf4 25. Bxf4 Qxf4 
26. Rf5 Qd6 27. Rd1 Qxa3 28. Qc2 Qa5 29. Kh1 Rad8 30. Bxc4 Rxd1+ 31. Qxd1 
Qc7 32. Bxf7+ Kh8 33. Bxe8 Bd6 34. e5 Bb4 35. e6 g6 36. Qd4+ Kg8 37. Bf7+ 
Kf8 38. Qh8+ Ke7 39. Qe8+ Kd6 40. Qd7+ Qxd7 41. Rd5+ Kc6 42. exd7 Be7 43. 
d8=Q 1-0

[Event "European Cities & Towns Chess Championship - Open/Seniors"]
[Site "Central Europe"]
[Date "2023.01.29"]
[Round "5.9.3"]
[White "Lioumis, Petros"]
[Black "Yedid, Lior"]
[Result "1-0"]
[WhiteElo "1290"]
[BlackElo "1521"]
[BlackCountry "GB"]
[BlackFideId "487457"]
[BlackTeam "London Juniors"]
[WhiteCountry "GR"]
[WhiteFideId "25806238"]
[WhiteTeam "Trikala "]

1. e4 c5 2. Nc3 Nc6 3. f4 g6 4. Nf3 Bg7 5. Bb5 e6 6. O-O Nge7 7. d3 O-O 8.
 a3 Qb6 9. Kh1 Bxc3 10. Bxc6 Bxb2 11. Rb1 Qxc6 12. Bxb2 d5 13. Bf6 Re8 14.
 Qe1 Kf8 15. Qh4 Ng8 16. e5 Nxf6 17. exf6 h5 18. Qg5 Rd8 19. Qh6+ Ke8 20. 
Ne5 Qd6 21. Nxf7 Kxf7 22. Qg7+ Ke8 23. f7+ Kd7 24. f8=Q+ Kc6 25. Qxd6+ 
Rxd6 26. d4 c4 27. Rb4 a5 28. Rb2 b5 29. Rfb1 Rb8 30. Qa7 Rb6 31. Rxb5 Ra6
32. Qc5+ Kd7 33. Rb6 Rdxb6 34. Rxb6 Rxb6 35. Qxb6 Ke7 36. Qc5+ Kf6 37. 
Qxc8 Kf5 38. Qc7 Ke4 39. Qe5# 1-0

[Event "European Cities & Towns Chess Championship - Open/Seniors"]
[Site "Central Europe"]
[Date "2023.01.29"]
[Round "5.9.4"]
[White "Hanache, Kai"]
[Black "Karanasios, Dimosthenis"]
[Result "1/2-1/2"]
[WhiteElo "1394"]
[BlackElo "1240"]
[BlackCountry "GR"]
[BlackFideId "42108306"]
[BlackTeam "Trikala "]
[WhiteCountry "GB"]
[WhiteFideId "490105"]
[WhiteTeam "London Juniors"]

1. e4 c6 2. Nc3 d5 3. Nf3 Bg4 4. Be2 e6 5. O-O Bd6 6. e5 Bxf3 7. Bxf3 Bxe5
8. d4 Bd6 9. Qd3 Ne7 10. Bg5 Qc7 11. h3 Ng6 12. Rae1 h6 13. Bd2 O-O 14. 
Bg4 e5 15. Bf5 e4 16. Qe2 Nh4 17. Qg4 Nxf5 18. Qxf5 Qd7 19. Qh5 f5 20. 
Bxh6 gxh6 21. Qg6+ Kh8 22. Qxh6+ Kg8 23. Qg6+ Kh8 24. Qh6+ Kg8 25. Qg6+ 
Kh8 26. Qh6+ 1/2-1/2

[Event "European Cities & Towns Chess Championship - Open/Seniors"]
[Site "Central Europe"]
[Date "2023.01.29"]
[Round "5.10.1"]
[White "Melikhov, Evgeny V."]
[Black "Freeland, Alex"]
[Result "0-1"]
[WhiteElo "2269"]
[BlackElo "2016"]
[BlackCountry "GB"]
[BlackFideId "1802062"]
[BlackTeam "Hammersmith - West London"]
[WhiteCountry "RU"]
[WhiteFideId "4122046"]
[WhiteTeam "Ioannina"]
[WhiteTitle "FM"]

1. d4 Nf6 2. c4 e6 3. Nc3 Bb4 4. Qc2 c5 5. dxc5 O-O 6. a3 Bxc5 7. Nf3 d5 
8. b4 Be7 9. e3 a5 10. b5 Nbd7 11. cxd5 exd5 12. Bb2 Nc5 13. Rd1 Bg4 14. 
Be2 Rc8 15. Nd4 Bxe2 16. Qxe2 Qd7 17. O-O Rfd8 18. Qf3 Nce4 19. Nxe4 dxe4 
20. Qf5 g6 21. Qxd7 Rxd7 22. Rc1 Rdc7 23. a4 Nd7 24. Nb3 Bb4 25. Rxc7 Rxc7
26. Rc1 Rxc1+ 27. Bxc1 Nb6 28. Bb2 Nxa4 29. Bd4 Nc3 30. Bxc3 Bxc3 31. Nc5 
Bb4 32. Na4 f5 33. Kf1 Kf7 34. Ke2 Ke6 35. f3 Kd5 36. fxe4+ fxe4 37. Kd1 
Kc4 38. Kc2 Kxb5 39. Kb3 Kc6 40. Nb2 b5 41. g4 Bd6 42. h3 a4+ 43. Kc2 Kd5 
44. Nd1 b4 45. Nf2 Bc5 46. Nd1 Ke5 47. h4 h5 48. gxh5 gxh5 49. Kd2 Be7 50.
 Nb2 a3 51. Nc4+ Kd5 52. Nb6+ Kc6 53. Nc4 Bxh4 54. Kc2 Be7 55. Kb3 h4 56. 
Ne5+ Kd5 57. Ng4 h3 58. Nh2 Bd6 59. Ng4 h2 60. Nxh2 Bxh2 61. Kc2 a2 62. 
Kb2 b3 0-1